Beyoncé - SPAGHETTII lyrics - Statistics

General Stats
  • This quiz has been taken 72 times
  • The average score is 242 of 348
Answer Stats
Hint Answer % Correct
a
98%
(I
98%
Bridge (Beyoncé) | Verse 1 (Beyoncé (+Shaboozey)) I
98%
no
96%
No
96%
the
96%
ain't
94%
go
94%
In
94%
in
94%
shoot
94%
then
94%
bang
92%
(Bang
92%
bang)
92%
But
92%
but
92%
gang
92%
got
92%
I'm
92%
Thanos
92%
they
92%
They
92%
(They
92%
to
92%
shooters
90%
you
90%
and
88%
And
88%
Intro (Linda Martell + Shaboozey) Genres
88%
me
88%
are
87%
it)
87%
it
87%
(That
87%
that
87%
fingers
85%
funny
85%
head
85%
my
85%
aren't
83%
cornrows
83%
little
83%
on
83%
snap
83%
spaghetti
83%
your
83%
assassin
81%
concept
81%
of
81%
shit)
81%
Virgo
81%
Beyoncé
79%
sauce
79%
too
79%
All
77%
all
77%
Jane
77%
soft
75%
still
75%
we
75%
We
75%
call
73%
catwalk
73%
some
71%
Yes
71%
Plain
69%
At
67%
for
67%
'fore
67%
petty
67%
it's
65%
moon
65%
moon)
65%
this
65%
bitchin'
63%
captain
63%
country
63%
Cunty
63%
same
63%
snitchin'
63%
practice
62%
theory
62%
yappin'
62%
confined
60%
pass
60%
well
60%
When
60%
when
60%
come
58%
Come
58%
easy
58%
feel
58%
get
58%
God
58%
Hova
58%
Just
58%
understand
58%
gon'
56%
have
56%
here
56%
kitchen
56%
leg
56%
'bout
54%
may
54%
regular
54%
simple
54%
swear
54%
that's
54%
came
52%
every
52%
Howl
52%
(Howl
52%
sanger
52%
definition
50%
Extra
50%
know
50%
Know
50%
like
50%
with
50%
hand
48%
is
48%
Play
48%
expedition
46%
Now
46%
now
46%
One
46%
them
46%
up
46%
Curry
44%
e'rythin'
44%
even
44%
hit
44%
sweet
44%
break
42%
(Break
42%
chickens
42%
kick
42%
walkin'
42%
what
42%
who
42%
cookin'
40%
dumb
40%
mission
40%
rules
40%
rules)
40%
tryna
40%
was
40%
attention
38%
by
38%
dirty
38%
fishin'
38%
shootin'
38%
tell
38%
backdoor
37%
dishes
37%
fire
37%
give
37%
holster
37%
truth
37%
charges
35%
matter
35%
admission
33%
been
33%
heart)
33%
opposition
33%
ride
33%
salty
33%
slappin'
33%
addiction
31%
appalled
31%
clout
31%
past
31%
played
31%
proposition
31%
tellin'
31%
Thought
31%
turn
31%
game
29%
gonna
29%
lose
29%
member
29%
pierce
29%
Someone
29%
time
29%
can't
27%
cool
27%
move
27%
I'll
25%
Outlaws
25%
Y'all
25%
brought
23%
watchin'
23%
flame
21%
or
21%
tried
21%
plagiaristic
19%
Verse 2 (Shaboozey + Beyoncé) Ay
17%
Bounty
17%
keep
17%
love
17%
shoes
17%
code
15%
lawman
13%
west
13%
No matching quizzes found
Score Distribution
Percent of People with Each Score
Percentile by Number Answered
Your Score History
You have not taken this quiz